[Event "Victoria Grand Pacific op"]
[Site "Victoria"]
[Date "2023.04.10"]
[Round "6"]
[White "Pham, Bich Ngoc"]
[Black "Kenney, Jason"]
[Result "1-0"]
[WhiteElo "2238"]
[BlackElo "2135"]
[PlyCount "73"]
[EventDate "2023.04.07"]
[EventType "swiss"]
[EventRounds "6"]
[EventCountry "CAN"]
[SourceTitle "CBM 213 Extra"]
[Source "ChessBase"]
[SourceDate "2023.05.31"]
[SourceVersion "1"]
[SourceVersionDate "2023.05.31"]
[SourceQuality "1"]

1. e4 e5 2. Nf3 Nc6 3. Bb5 a6 4. Ba4 d6 5. h3 Bd7 6. c3 g6 7. 0-0 Bg7 8. d4 Nf6 9. Re1 0-0 10. Nbd2 b5 11. Bc2 Nh5 12. dxe5 dxe5 13. Nb3 Qe7 14. Be3 Rfd8 15. Qc1 Nf4 16. Bxf4 exf4 17. Qxf4 Ne5 18. Nxe5 Bxe5 19. Qe3 Qh4 20. Nc5 Be8 21. Rad1 a5 22. a3 Bf4 23. Qf3 Bd2 24. Re2 Bh6 25. Rxd8 Qxd8 26. e5 Bf8 27. Ne4 Ra6 28. Rd2 Qe7 29. Nf6+ Kh8 30. Qd5 Rd6 31. exd6 Qe1+ 32. Kh2 Bxd6+ 33. g3 Bc6 34. Qxc6 Qxd2 35. Qa8+ Kg7 36. Ne8+ Kh6 37. Nxd6 1-0

[Event "Victoria Grand Pacific op"]
[Site "Victoria"]
[Date "2023.04.09"]
[Round "5"]
[White "Kenney, Jason"]
[Black "Liu, Zachary Hankun"]
[Result "1-0"]
[WhiteElo "2135"]
[BlackElo "1753"]
[PlyCount "95"]
[EventDate "2023.04.07"]
[EventType "swiss"]
[EventRounds "6"]
[EventCountry "CAN"]
[SourceTitle "CBM 213 Extra"]
[Source "ChessBase"]
[SourceDate "2023.05.31"]
[SourceVersion "1"]
[SourceVersionDate "2023.05.31"]
[SourceQuality "1"]

1. e4 c5 2. Nc3 Nc6 3. Bb5 Nd4 4. Nf3 g6 5. Bc4 Bg7 6. Nxd4 cxd4 7. Qf3 Nf6 8. Ne2 e5 9. d3 d6 10. h3 Be6 11. Bg5 Bxc4 12. dxc4 h6 13. Bxf6 Qxf6 14. Qxf6 Bxf6 15. c3 Rc8 16. b3 b5 17. cxb5 dxc3 18. 0-0-0 Bg5+ 19. Kc2 Bd2 20. h4 h5 21. Rh3 Ke7 22. Nxc3 Bxc3 23. Rxc3 Rxc3+ 24. Kxc3 f5 25. f4 fxe4 26. fxe5 dxe5 27. Re1 Ke6 28. Rxe4 Rc8+ 29. Rc4 Rb8 30. a4 Rb7 31. Kd3 Kf5 32. Ke3 Rd7 33. a5 Rb7 34. Rb4 g5 35. hxg5 Kxg5 36. b6 axb6 37. Rxb6 Rc7 38. b4 Rc2 39. Rb8 Kh4 40. a6 Ra2 41. b5 Kg3 42. Rg8+ Kh2 43. b6 Ra3+ 44. Ke4 Ra4+ 45. Kxe5 Ra5+ 46. Kd4 Ra4+ 47. Kc3 Ra3+ 48. Kc4 1-0

[Event "British Columbia-Washington"]
[Site "Victoria"]
[Date "2020.01.19"]
[Round "4.5"]
[White "Kenney, Jason"]
[Black "Velea, Sophie"]
[Result "1-0"]
[WhiteElo "2174"]
[BlackElo "1608"]
[PlyCount "147"]
[EventDate "2020.01.17"]
[EventType "team-match"]
[EventRounds "5"]
[EventCountry "CAN"]
[SourceTitle "EXT 2023"]
[Source "ChessBase"]
[SourceDate "2022.10.05"]
[SourceVersion "1"]
[SourceVersionDate "2022.10.05"]
[SourceQuality "1"]
[WhiteTeam "British Columbia"]
[BlackTeam "Washington"]
[WhiteTeamCountry "CAN"]
[BlackTeamCountry "USA"]

1. e4 c5 2. Nc3 Nc6 3. Bb5 g6 4. Bxc6 dxc6 5. d3 Bg7 6. f4 Nf6 7. Nf3 Bg4 8. 0-0 Qd7 9. Qe1 Bxf3 10. Rxf3 c4 11. e5 Nd5 12. dxc4 Nxc3 13. Rxc3 0-0 14. Be3 f6 15. exf6 Bxf6 16. Rb3 b6 17. Rd1 Qc7 18. Rbd3 Rad8 19. Qd2 e6 20. Rd7 Rxd7 21. Qxd7 Qxd7 22. Rxd7 Rf7 23. Rd6 e5 24. fxe5 Bxe5 25. Rxc6 Bxb2 26. c5 bxc5 27. Bxc5 Be5 28. Rc8+ Kg7 29. Ra8 Rc7 30. Rxa7 Rxa7 31. Bxa7 Kf7 32. Kf2 Ke6 33. c4 Kd7 34. Kf3 h5 35. h3 Ke6 36. Bb6 Kd6 37. Ke4 Bf6 38. Ba7 Bg7 39. Bd4 Bh6 40. c5+ Kc6 41. Bf2 Bg7 42. Kf4 Bf6 43. a4 Kc7 44. a5 Kb7 45. Ke4 Bd8 46. Kd5 Bxa5 47. c6+ Kc8 48. Bg3 Bd2 49. Ke6 g5 50. Kf5 h4 51. Be5 Be3 52. Kg4 Bd2 53. Bf6 Kc7 54. Bxg5 Bc3 55. Bxh4 Kxc6 56. Kf5 Kd7 57. Bf6 Bb4 58. h4 Bf8 59. h5 Ke8 60. Kg6 Kd7 61. Bg7 Ke7 62. h6 Bxg7 63. hxg7 Ke6 64. g8Q+ Ke5 65. Qc4 Kd6 66. Qb5 Kc7 67. Qa6 Kd7 68. Kf6 Kc7 69. Ke6 Kb8 70. Qc6 Ka7 71. Qb5 Ka8 72. Kd6 Ka7 73. Kc7 Ka8 74. Qb7# 1-0

[Event "British Columbia-Washington"]
[Site "Victoria"]
[Date "2020.01.18"]
[Round "2.2"]
[White "Kenney, Jason"]
[Black "Setiadikurnia, Sloan Christopher"]
[Result "1-0"]
[WhiteElo "2174"]
[BlackElo "1965"]
[PlyCount "131"]
[EventDate "2020.01.17"]
[EventType "team-match"]
[EventRounds "5"]
[EventCountry "CAN"]
[SourceTitle "EXT 2023"]
[Source "ChessBase"]
[SourceDate "2022.10.05"]
[SourceVersion "1"]
[SourceVersionDate "2022.10.05"]
[SourceQuality "1"]
[WhiteTeam "British Columbia"]
[BlackTeam "Washington"]
[WhiteTeamCountry "CAN"]
[BlackTeamCountry "USA"]

1. d4 Nf6 2. c4 e6 3. Nc3 Bb4 4. e3 0-0 5. Bd3 d5 6. a3 Bxc3+ 7. bxc3 dxc4 8. Bxc4 c5 9. Ne2 Qc7 10. Bd3 e5 11. 0-0 Nc6 12. e4 cxd4 13. cxd4 Nxd4 14. Nxd4 exd4 15. h3 Be6 16. Bg5 Nd7 17. Be7 Rfe8 18. Rc1 Qb6 19. Rb1 Qc7 20. Rc1 Qa5 21. Bd6 Rac8 22. f4 f6 23. Bb4 Qb6 24. Qh5 Bf7 25. Qb5 Nb8 26. Qxb6 axb6 27. Kf2 Na6 28. Bb5 Nxb4 29. axb4 Red8 30. Ke2 Be8 31. Bxe8 Rxe8 32. Rxc8 Rxc8 33. Kd3 b5 34. Kxd4 Rc4+ 35. Kd5 Rxb4 36. Rc1 Rc4 37. Rb1 Kf7 38. Rxb5 Rc7 39. e5 fxe5 40. fxe5 Rd7+ 41. Ke4 Ke7 42. Rb6 Kd8 43. e6 Rc7 44. Ke5 Ke7 45. Kd5 Kf6 46. Rb3 Ke7 47. Rf3 Ke8 48. Rf4 Ke7 49. Rf7+ Kd8 50. Rf8+ Ke7 51. Rg8 Kf6 52. Rh8 h6 53. Rf8+ Ke7 54. Rf7+ Kd8 55. Kd6 Rc6+ 56. Kd5 Rc7 57. Rf3 Ke8 58. h4 Ke7 59. Rg3 Kf6 60. h5 Rc2 61. Rg6+ Kf5 62. e7 Rd2+ 63. Kc5 Re2 64. Kd6 b5 65. Kd7 Rd2+ 66. Rd6 1-0

[Event "British Columbia-Washington"]
[Site "Victoria"]
[Date "2020.01.17"]
[Round "1.4"]
[White "Velea, Anne Marie"]
[Black "Kenney, Jason"]
[Result "0-1"]
[WhiteElo "1955"]
[BlackElo "2174"]
[PlyCount "30"]
[EventDate "2020.01.17"]
[EventType "team-match"]
[EventRounds "5"]
[EventCountry "CAN"]
[SourceTitle "EXT 2023"]
[Source "ChessBase"]
[SourceDate "2022.10.05"]
[SourceVersion "1"]
[SourceVersionDate "2022.10.05"]
[SourceQuality "1"]
[WhiteTeam "Washington"]
[BlackTeam "British Columbia"]
[WhiteTeamCountry "USA"]
[BlackTeamCountry "CAN"]

1. e4 c5 2. Nf3 e6 3. d4 cxd4 4. Nxd4 Nc6 5. Nc3 Qc7 6. Be3 a6 7. Qf3 d6 8. 0-0-0 Bd7 9. Be2 b5 10. a3 Nf6 11. Qg3 b4 12. axb4 Nxb4 13. Rd2 Rb8 14. Rhd1 Qxc3 15. bxc3 Na2# 0-1

[Event "British Columbia op"]
[Site "Richmond"]
[Date "2019.02.18"]
[Round "5.5"]
[White "Kenney, Jason"]
[Black "Gibbard, Alina Iuliana"]
[Result "1-0"]
[WhiteElo "2253"]
[BlackElo "2054"]
[PlyCount "117"]
[EventDate "2019.02.16"]
[EventType "tourn"]
[EventRounds "6"]
[EventCountry "CAN"]
[SourceTitle "EXT 2022"]
[Source "ChessBase"]
[SourceDate "2021.10.06"]
[SourceVersion "1"]
[SourceVersionDate "2021.10.06"]
[SourceQuality "1"]

1. e4 b6 2. d4 Bb7 3. Bd3 Nf6 4. Qe2 e6 5. Nf3 Be7 6. 0-0 Nc6 7. e5 Ng8 8. c4 d5 9. cxd5 Qxd5 10. Be3 Nb4 11. Bb5+ Kf8 12. a3 Nc6 13. Nc3 Qd8 14. Rfd1 Nb8 15. Rac1 c6 16. Bd3 g5 17. h3 h5 18. Ne4 g4 19. hxg4 hxg4 20. Nh2 Nh6 21. Bxh6+ Rxh6 22. Nxg4 Rh4 23. Nef6 Nd7 24. Qf3 Nxf6 25. exf6 Bd6 26. Be4 Rc8 27. g3 Rxg4 28. Qxg4 Qxf6 29. Rc3 Ke7 30. Qf3 Qh6 31. Bxc6 Ba6 32. Bb7 Rxc3 33. bxc3 Bc4 34. d5 e5 35. Qe4 b5 36. Bc6 Qh5 37. Qh4+ Qxh4 38. gxh4 Bxa3 39. Rb1 a6 40. Ra1 b4 41. cxb4 Bxb4 42. Rc1 Bd3 43. Bb7 Bd6 44. Ra1 Bc4 45. Ra5 Bb5 46. Ra1 Bc4 47. h5 e4 48. Ra4 Bb5 49. Rxe4+ Kf6 50. Rg4 Be2 51. Rh4 Kg5 52. Ra4 Kxh5 53. Bxa6 Bf3 54. Bf1 Kg5 55. Ra6 Bf8 56. d6 Kf6 57. Bh3 Ke5 58. d7 Be7 59. Rh6 1-0

[Event "Victoria British Columbia-Washington m"]
[Site "Victoria"]
[Date "2019.01.20"]
[Round "5.6"]
[White "Kenney, Jason"]
[Black "Abramson, Dan"]
[Result "1/2-1/2"]
[WhiteElo "2271"]
[BlackElo "2151"]
[PlyCount "81"]
[EventDate "2019.01.18"]
[EventType "team"]
[EventRounds "5"]
[EventCountry "CAN"]
[SourceTitle "EXT 2022"]
[Source "ChessBase"]
[SourceDate "2021.10.06"]
[SourceVersion "1"]
[SourceVersionDate "2021.10.06"]
[SourceQuality "1"]
[WhiteTeam "BC"]
[BlackTeam "WA"]
[WhiteTeamCountry "CAN"]
[BlackTeamCountry "CAN"]

1. e4 e6 2. d4 d5 3. Nd2 c5 4. exd5 exd5 5. Bb5+ Bd7 6. Qe2+ Be7 7. dxc5 Nf6 8. Ngf3 0-0 9. 0-0 Bxc5 10. Nb3 Re8 11. Qd3 Bb6 12. Bxd7 Qxd7 13. Bg5 Ne4 14. Rad1 Nc6 15. c3 h6 16. Bc1 Rad8 17. Nbd4 Bc7 18. Nxc6 bxc6 19. c4 Qf5 20. c5 Qh5 21. b4 Ng5 22. Bxg5 hxg5 23. h3 Re6 24. Nd4 Rg6 25. g4 Qh7 26. Rfe1 Rf6 27. Qxh7+ Kxh7 28. Re7 Rc8 29. b5 cxb5 30. Nf5 g6 31. Ne3 Bd8 32. Rd7 Kg7 33. R1xd5 Bc7 34. Nc2 a5 35. Rxg5 b4 36. Rgd5 Bb6 37. Nxb4 axb4 38. cxb6 Rxb6 39. R7d6 Rxd6 40. Rxd6 Rc2 41. Ra6 1/2-1/2

[Event "Victoria British Columbia-Washington m"]
[Site "Victoria"]
[Date "2019.01.19"]
[Round "3.5"]
[White "Kenney, Jason"]
[Black "Setiadikurnia, Sloan Christopher"]
[Result "0-1"]
[WhiteElo "2271"]
[BlackElo "2101"]
[PlyCount "72"]
[EventDate "2019.01.18"]
[EventType "team"]
[EventRounds "5"]
[EventCountry "CAN"]
[SourceTitle "EXT 2022"]
[Source "ChessBase"]
[SourceDate "2021.10.06"]
[SourceVersion "1"]
[SourceVersionDate "2021.10.06"]
[SourceQuality "1"]
[WhiteTeam "BC"]
[BlackTeam "WA"]
[WhiteTeamCountry "CAN"]
[BlackTeamCountry "CAN"]

1. c4 e5 2. g3 Nf6 3. Bg2 c6 4. Nc3 d5 5. cxd5 cxd5 6. Qb3 Nc6 7. Nxd5 Nd4 8. Qc4 Nxd5 9. Bxd5 Bf5 10. Bxf7+ Ke7 11. d3 h6 12. Kf1 Kf6 13. Bd2 Qd7 14. f4 Bd6 15. Qd5 Qe7 16. e4 Bd7 17. Kg2 g6 18. fxe5+ Bxe5 19. Rf1+ Kg7 20. Nf3 Nxf3 21. Rxf3 Rhf8 22. Rhf1 Bg4 23. R3f2 Rad8 24. Qb3 Qd7 25. Bc3 Bh3+ 26. Kg1 Bxc3 27. Qxc3+ Qd4 28. Qxd4+ Rxd4 29. Bd5 Bxf1 30. Kxf1 Rxf2+ 31. Kxf2 Rxd3 32. Ke2 Rd4 33. Bxb7 Rb4 34. Bd5 Rxb2+ 35. Kf3 Rxh2 36. e5 Kf8 0-1

[Event "British Columbia op"]
[Site "Richmond"]
[Date "2018.02.11"]
[Round "4.5"]
[White "Verdon, Norman"]
[Black "Kenney, Jason"]
[Result "0-1"]
[WhiteElo "2152"]
[BlackElo "2247"]
[PlyCount "75"]
[EventDate "2018.02.10"]
[EventType "swiss"]
[EventRounds "6"]
[EventCountry "CAN"]
[SourceTitle "EXT 2022"]
[Source "ChessBase"]
[SourceDate "2021.10.06"]
[SourceVersion "1"]
[SourceVersionDate "2021.10.06"]
[SourceQuality "1"]

1. d4 Nf6 2. Nf3 g6 3. g3 Bg7 4. Bg2 0-0 5. 0-0 d6 6. Nc3 Na6 7. e4 c5 8. h3 cxd4 9. Nxd4 Nc5 10. Nb3 Nxb3 11. axb3 a6 12. Be3 Rb8 13. Ba7 Ra8 14. Bd4 Nd7 15. Bxg7 Kxg7 16. Qd4+ f6 17. Nd5 b5 18. Qc3 Bb7 19. Nc7 Nc5 20. Nxa8 Qxa8 21. Qe3 f5 22. Qd4+ Kg8 23. b4 Ne6 24. Qb6 fxe4 25. c4 bxc4 26. b5 Nc5 27. bxa6 Bxa6 28. Rfe1 Qb7 29. Qxb7 Bxb7 30. Ra7 Rb8 31. Rea1 Kf8 32. R1a5 Bd5 33. Rc7 Rxb2 34. Rcxc5 dxc5 35. Rxc5 e6 36. Rc7 e3 37. f3 Rb1+ 38. Kh2 0-1

[Event "Victoria Taylor Memorial"]
[Site "Victoria"]
[Date "2017.11.17"]
[Round "1"]
[White "Kenney, Jason"]
[Black "Lehingrat, Callum"]
[Result "1-0"]
[WhiteElo "2233"]
[BlackElo "1762"]
[PlyCount "113"]
[EventDate "2017.11.17"]
[EventType "swiss"]
[EventRounds "5"]
[EventCountry "CAN"]
[SourceTitle "EXT 2022"]
[Source "ChessBase"]
[SourceDate "2021.10.06"]
[SourceVersion "1"]
[SourceVersionDate "2021.10.06"]
[SourceQuality "1"]

1. d4 Nf6 2. c4 e6 3. Nc3 c5 4. d5 exd5 5. cxd5 d6 6. Nf3 g6 7. Bf4 a6 8. a4 Bg7 9. h3 0-0 10. e3 Qc7 11. Be2 Nbd7 12. 0-0 Re8 13. Nd2 Ne5 14. Bg3 b6 15. f4 Ned7 16. e4 Bb7 17. Re1 Bh6 18. Qc2 g5 19. fxg5 Bxg5 20. Nc4 Ne5 21. Nxe5 dxe5 22. Rf1 Nd7 23. Bg4 Nf8 24. Qe2 Ng6 25. Bf5 Bc8 26. Qg4 Qe7 27. Bxc8 Raxc8 28. Rf5 Be3+ 29. Kh1 Kh8 30. d6 Qxd6 31. Rxf7 Qe6 32. Qxe6 Rxe6 33. Ra7 b5 34. axb5 axb5 35. Rb7 b4 36. Nd5 Bd4 37. Raa7 Nf8 38. Bh4 c4 39. Rc7 Rxc7 40. Rxc7 Bxb2 41. Rxc4 Ng6 42. Bf6+ Kg8 43. Rxb4 Ba3 44. Rb7 Bf8 45. h4 Nf4 46. Nxf4 Rxf6 47. Nh5 Rh6 48. g4 Re6 49. Kg2 Re7 50. Rb8 Kf7 51. Kf3 Re6 52. g5 h6 53. Kg4 hxg5 54. hxg5 Rd6 55. Kf5 Re6 56. g6+ Rxg6 57. Rxf8+ 1-0

[Event "New Westminster op"]
[Site "New Westminster"]
[Date "2017.10.09"]
[Round "5.2"]
[White "Kenney, Jason"]
[Black "Escandor, Manuel Omana"]
[Result "1-0"]
[WhiteElo "2228"]
[BlackElo "1804"]
[PlyCount "47"]
[EventDate "2017.10.07"]
[EventType "swiss"]
[EventRounds "6"]
[EventCountry "CAN"]
[SourceTitle "EXT 2022"]
[Source "ChessBase"]
[SourceDate "2021.10.06"]
[SourceVersion "1"]
[SourceVersionDate "2021.10.06"]
[SourceQuality "1"]

1. d4 f5 2. c4 Nf6 3. Nf3 e6 4. g3 b6 5. Bg2 Bb7 6. 0-0 Be7 7. d5 exd5 8. Nd4 g6 9. Nc3 c6 10. cxd5 cxd5 11. Bf4 Ne4 12. Ndb5 Nxc3 13. Nxc3 Bf6 14. Nxd5 Bxd5 15. Bxd5 Nc6 16. e4 fxe4 17. Re1 Rc8 18. Rxe4+ Ne7 19. Bd6 Rf8 20. Qe2 Rf7 21. Re1 Rg7 22. Qf3 Bxb2 23. Bxe7 Rxe7 24. Qf7# 1-0

[Event "New Westminster op"]
[Site "New Westminster"]
[Date "2017.10.07"]
[Round "2.3"]
[White "Kenney, Jason"]
[Black "Salcedo, Daniel"]
[Result "1/2-1/2"]
[WhiteElo "2228"]
[BlackElo "1954"]
[PlyCount "38"]
[EventDate "2017.10.07"]
[EventType "swiss"]
[EventRounds "6"]
[EventCountry "CAN"]
[SourceTitle "EXT 2022"]
[Source "ChessBase"]
[SourceDate "2021.10.06"]
[SourceVersion "1"]
[SourceVersionDate "2021.10.06"]
[SourceQuality "1"]

1. d4 Nf6 2. c4 g6 3. Nc3 d5 4. Nf3 Bg7 5. cxd5 Nxd5 6. e4 Nxc3 7. bxc3 c5 8. Be3 Qa5 9. Qd2 Nc6 10. Rb1 cxd4 11. cxd4 Qxd2+ 12. Kxd2 0-0 13. Bb5 Rd8 14. Bxc6 bxc6 15. Rhc1 e5 16. Rxc6 exd4 17. Bf4 Rd7 18. Rd6 Bh6 19. Bxh6 Rxd6 1/2-1/2

[Event "British Columbia op"]
[Site "Richmond"]
[Date "2017.02.12"]
[Round "3.4"]
[White "Sadoughian Zadeh, Farshad"]
[Black "Kenney, Jason"]
[Result "0-1"]
[WhiteElo "2090"]
[BlackElo "2201"]
[PlyCount "64"]
[EventDate "2017.02.11"]
[EventType "swiss"]
[EventRounds "6"]
[EventCountry "CAN"]
[SourceTitle "EXT 2022"]
[Source "ChessBase"]
[SourceDate "2021.10.06"]
[SourceVersion "1"]
[SourceVersionDate "2021.10.06"]
[SourceQuality "1"]

1. d4 Nf6 2. c4 e6 3. Nc3 Bb4 4. e3 0-0 5. Bd3 d5 6. Nf3 c5 7. 0-0 Nc6 8. dxc5 Bxc5 9. a3 Bd6 10. Qe2 dxc4 11. Bxc4 Ne5 12. Nxe5 Bxe5 13. e4 Bd7 14. Bd2 Bc6 15. Bd3 Qb6 16. Kh1 Rfd8 17. f4 Bd4 18. b4 Rac8 19. Rac1 a6 20. e5 Nd5 21. Nxd5 Bxd5 22. Rxc8 Rxc8 23. f5 exf5 24. Rxf5 Re8 25. Rg5 g6 26. Bf4 Rc8 27. h4 Rc3 28. Rg3 Rxa3 29. Bxg6 Rxg3 30. Bxh7+ Kxh7 31. Qh5+ Kg8 32. Bxg3 Qg6 0-1

[Event "British Columbia-ch"]
[Site "Vancouver"]
[Date "2016.10.10"]
[Round "6.1"]
[White "Kenney, Jason"]
[Black "Doknjas, Joshua"]
[Result "1/2-1/2"]
[WhiteElo "2204"]
[BlackElo "2215"]
[PlyCount "56"]
[EventDate "2016.10.07"]
[EventType "tourn"]
[EventRounds "7"]
[EventCountry "CAN"]
[SourceTitle "EXT 2022"]
[Source "ChessBase"]
[SourceDate "2021.10.06"]
[SourceVersion "1"]
[SourceVersionDate "2021.10.06"]
[SourceQuality "1"]

1. e4 c5 2. Nf3 d6 3. Bb5+ Nd7 4. 0-0 a6 5. Bd3 Ngf6 6. Re1 Qc7 7. c3 Ne5 8. Bf1 Nxf3+ 9. Qxf3 g6 10. d4 Bg7 11. h3 0-0 12. Be3 b6 13. Nd2 Bb7 14. Bd3 Nd7 15. Qg3 e5 16. Nf3 Rae8 17. Qh4 c4 18. Bc2 f5 19. dxe5 dxe5 20. Bg5 f4 21. Rad1 Nc5 22. Rd2 h5 23. b4 cxb3 24. Bxb3+ Nxb3 25. axb3 Re6 26. c4 Bc6 27. Red1 a5 28. Bd8 Qb8 1/2-1/2

[Event "British Columbia-ch"]
[Site "Vancouver"]
[Date "2016.10.08"]
[Round "3.1"]
[White "Gentes, Kevin"]
[Black "Kenney, Jason"]
[Result "1/2-1/2"]
[WhiteElo "2350"]
[BlackElo "2204"]
[PlyCount "74"]
[EventDate "2016.10.07"]
[EventType "tourn"]
[EventRounds "7"]
[EventCountry "CAN"]
[SourceTitle "EXT 2022"]
[Source "ChessBase"]
[SourceDate "2021.10.06"]
[SourceVersion "1"]
[SourceVersionDate "2021.10.06"]
[SourceQuality "1"]

1. Nf3 Nf6 2. g3 g6 3. Bg2 Bg7 4. 0-0 0-0 5. d4 d6 6. c4 Nc6 7. Nc3 a6 8. b3 Rb8 9. Bb2 b5 10. cxb5 axb5 11. Rc1 b4 12. Na4 Na7 13. Qc2 c6 14. e4 Qa5 15. Rfe1 Ba6 16. Rcd1 Bb5 17. Nd2 Rfc8 18. Nc4 Qc7 19. Bh3 Rd8 20. Ne3 e6 21. e5 dxe5 22. dxe5 Rxd1 23. Rxd1 Nd7 24. f4 Nb6 25. Nxb6 Qxb6 26. Bd4 Qa5 27. Bc5 Bf8 28. Bxf8 Rxf8 29. Qd2 c5 30. a4 Ba6 31. Qd7 Nc8 32. Bg2 c4 33. Nxc4 Bxc4 34. bxc4 Nb6 35. Qb5 Qxa4 36. Rb1 Qa7 37. c5 Na4 1/2-1/2

[Event "British Columbia-op"]
[Site "Richmond"]
[Date "2016.02.07"]
[Round "3.1"]
[White "Kenney, Jason"]
[Black "Cao, Jason"]
[Result "1-0"]
[WhiteElo "2190"]
[BlackElo "2386"]
[PlyCount "43"]
[EventDate "2016.02.06"]
[EventType "swiss"]
[EventRounds "6"]
[EventCountry "CAN"]
[SourceTitle "EXT 2022"]
[Source "ChessBase"]
[SourceDate "2021.10.06"]
[SourceVersion "1"]
[SourceVersionDate "2021.10.06"]
[SourceQuality "1"]

1. d4 Nf6 2. Nf3 e6 3. e3 b6 4. Bd3 Bb7 5. 0-0 c5 6. c4 Be7 7. Nc3 cxd4 8. exd4 d5 9. cxd5 Nxd5 10. Ne5 0-0 11. Qg4 Nf6 12. Qh4 Nc6 13. Bg5 g6 14. Ba6 h6 15. Bxb7 hxg5 16. Qh3 Nxd4 17. Bxa8 Qxa8 18. Rad1 Bc5 19. b4 Bd6 20. Nxg6 fxg6 21. Rxd4 g4 22. Qd3 1-0

[Event "Victoria Grand Pacific op 9th"]
[Site "Victoria"]
[Date "2015.04.06"]
[Round "6"]
[White "Kenney, Jason"]
[Black "Pulfer, Luke"]
[Result "1/2-1/2"]
[WhiteElo "2130"]
[BlackElo "1984"]
[PlyCount "115"]
[EventDate "2015.04.03"]
[EventType "swiss"]
[EventRounds "6"]
[EventCountry "CAN"]
[SourceTitle "CBM 166 Extra"]
[Source "ChessBase"]
[SourceDate "2015.06.18"]
[SourceVersion "1"]
[SourceVersionDate "2015.06.18"]
[SourceQuality "1"]

1. d4 d5 2. c4 e6 3. Nc3 c6 4. Nf3 dxc4 5. e3 b5 6. a4 Bb4 7. Bd2 a5 8. axb5 Bxc3 9. Bxc3 cxb5 10. b3 Bb7 11. bxc4 b4 12. Bb2 Nf6 13. c5 0-0 14. Bb5 Qc7 15. 0-0 Nc6 16. h3 Rfd8 17. Qc2 Ne7 18. Ne5 Bxg2 19. Kxg2 Qb7+ 20. f3 Qxb5 21. Qc4 Qxc4 22. Nxc4 Nc6 23. Ra4 Ra7 24. Rfa1 Nd5 25. Kf2 f6 26. Ke2 Nc7 27. Kd3 e5 28. Nxa5 Rda8 29. Nxc6 Rxa4 30. Rxa4 Rxa4 31. Kc4 exd4 32. exd4 Kf7 33. Kb3 Ra8 34. Nxb4 Ke6 35. Kc4 Ra4 36. Bc3 g5 37. Kb3 Ra8 38. Kc4 Ra4 39. Be1 h5 40. c6 f5 41. Kc5 Rxb4 42. Bxb4 Na6+ 43. Kc4 Nxb4 44. Kxb4 Kd6 45. Kb5 Kc7 46. d5 g4 47. d6+ Kxd6 48. hxg4 hxg4 49. fxg4 fxg4 50. Kb6 g3 51. c7 g2 52. c8Q g1Q+ 53. Kb5 Qb1+ 54. Ka6 Qa2+ 55. Kb7 Qb3+ 56. Ka7 Qa4+ 57. Qa6+ Qxa6+ 58. Kxa6 1/2-1/2

[Event "Victoria Grand Pacific op 9th"]
[Site "Victoria"]
[Date "2015.04.04"]
[Round "4"]
[White "Kenney, Jason"]
[Black "Roback, Joe"]
[Result "1-0"]
[WhiteElo "2130"]
[BlackElo "2016"]
[PlyCount "87"]
[EventDate "2015.04.03"]
[EventType "swiss"]
[EventRounds "6"]
[EventCountry "CAN"]
[SourceTitle "CBM 166 Extra"]
[Source "ChessBase"]
[SourceDate "2015.06.18"]
[SourceVersion "1"]
[SourceVersionDate "2015.06.18"]
[SourceQuality "1"]

1. d4 Nf6 2. c4 g6 3. Nf3 Bg7 4. g3 0-0 5. Bg2 d6 6. 0-0 c5 7. d5 a6 8. Nc3 Nbd7 9. h3 Rb8 10. a4 b6 11. Rb1 Ne8 12. e4 Nc7 13. Qd3 b5 14. b3 bxc4 15. bxc4 Rxb1 16. Nxb1 a5 17. Na3 Na6 18. Re1 Nb4 19. Qb3 Ba6 20. Bf4 Qb8 21. Bf1 Rd8 22. Bd2 Qb6 23. Rb1 Rb8 24. Ne1 Nxd5 25. Nb5 Nb4 26. Nc2 Bb7 27. Bg2 Qd8 28. Ne3 Bh6 29. Rd1 Bc6 30. Be1 Bg7 31. f4 Ba8 32. Bc3 Bxc3 33. Qxc3 Nc6 34. Ng4 Nd4 35. Kh2 h5 36. Ne3 Nb6 37. Qxa5 Nc6 38. Qc3 Nxa4 39. Qc1 Qa5 40. Nd5 Nb6 41. f5 Nxc4 42. Qh6 N4e5 43. Nxe7+ Nxe7 44. f6 1-0

[Event "Reykjavik op"]
[Site "Reykjavik"]
[Date "2015.03.16"]
[Round "8"]
[White "Kenney, Jason"]
[Black "Rosner, Jonas"]
[Result "0-1"]
[WhiteElo "2104"]
[BlackElo "2324"]
[PlyCount "80"]
[EventDate "2015.03.10"]
[EventType "swiss"]
[EventRounds "10"]
[EventCountry "ISL"]
[SourceTitle "CBM 165 Extra"]
[Source "ChessBase"]
[SourceDate "2015.04.21"]
[SourceVersion "1"]
[SourceVersionDate "2015.04.21"]
[SourceQuality "1"]

1. c4 c6 2. g3 d5 3. Nf3 Bg4 4. Bg2 e6 5. cxd5 Bxf3 6. Bxf3 cxd5 7. Nc3 Nc6 8. d3 Nf6 9. 0-0 Be7 10. Qa4 0-0 11. Bf4 Qd7 12. Rfc1 Rfc8 13. Bg2 a6 14. a3 h6 15. b4 Nd4 16. Qd1 a5 17. bxa5 Rxa5 18. a4 Bb4 19. Nb5 Nxb5 20. Rxc8+ Qxc8 21. axb5 Rxb5 22. Qb3 Qc6 23. Rb1 Rb6 24. Rc1 Bf8 25. Rxc6 Rxb3 26. Rc8 Rb1+ 27. Bf1 b5 28. Bd6 Nh7 29. e3 g5 30. d4 Kg7 31. Bxf8+ Nxf8 32. Rc5 b4 33. Kg2 Rb2 34. Rc7 Nh7 35. Bd3 Nf6 36. h3 h5 37. Rb7 Ne8 38. Rd7 Rd2 39. Bb1 b3 40. e4 Rd1 0-1

[Event "Reykjavik op"]
[Site "Reykjavik"]
[Date "2015.03.11"]
[Round "3"]
[White "Kenney, Jason"]
[Black "Khademalsharieh, Sarasadat"]
[Result "0-1"]
[WhiteElo "2104"]
[BlackElo "2357"]
[PlyCount "66"]
[EventDate "2015.03.10"]
[EventType "swiss"]
[EventRounds "10"]
[EventCountry "ISL"]
[SourceTitle "CBM 165 Extra"]
[Source "ChessBase"]
[SourceDate "2015.04.21"]
[SourceVersion "1"]
[SourceVersionDate "2015.04.21"]
[SourceQuality "1"]

1. c4 Nf6 2. g3 e6 3. Bg2 d5 4. Nf3 dxc4 5. 0-0 a6 6. Qc2 Nbd7 7. Na3 Bxa3 8. bxa3 0-0 9. Qxc4 b5 10. Qc2 Bb7 11. Bb2 c5 12. a4 Qb6 13. axb5 axb5 14. a4 b4 15. d3 Ra7 16. Nd2 Bxg2 17. Kxg2 Rfa8 18. Bxf6 gxf6 19. Nb3 Rxa4 20. Rxa4 Rxa4 21. Rc1 Ra3 22. f3 Qb5 23. Qb2 Kg7 24. Rc4 Ne5 25. Rh4 Qa4 26. Nxc5 Qd1 27. Kf2 Ra1 28. Ke3 Rc1 29. Nxe6+ fxe6 30. Qxb4 Rc7 31. Qd6 Qg1+ 32. Ke4 Qa7 33. Qxe6 Re7 0-1

[Event "British Columbia-op"]
[Site "Richmond"]
[Date "2015.02.07"]
[Round "2.6"]
[White "Zhang, Eric M"]
[Black "Kenney, Jason"]
[Result "0-1"]
[WhiteElo "1742"]
[BlackElo "2158"]
[PlyCount "51"]
[EventDate "2015.02.07"]
[EventType "swiss"]
[EventRounds "6"]
[EventCountry "CAN"]
[SourceTitle "EXT 2019"]
[Source "ChessBase"]
[SourceDate "2018.10.10"]
[SourceVersion "1"]
[SourceVersionDate "2018.10.10"]
[SourceQuality "1"]

1. d4 e6 2. c4 b6 3. Nc3 Bb7 4. e4 Bb4 5. Qc2 Qh4 6. Bd3 f5 7. Nf3 Qg4 8. Be2 fxe4 9. h3 Qg6 10. Nh4 Qf6 11. g3 Nc6 12. Be3 Nxd4 13. Bxd4 Qxd4 14. Rd1 Qe5 15. 0-0 Nf6 16. Ng2 0-0 17. Ne3 Bc5 18. Kg2 Rad8 19. a3 Kh8 20. b4 Be7 21. Nb5 a6 22. Nd4 c5 23. Nb3 d5 24. bxc5 d4 25. c6 Bxc6 26. Ng4 0-1